20 Most Populated Suburbs Of Chicago - Statistics

General Stats
  • This quiz has been taken 47 times
  • The average score is 11 of 20
Answer Stats
Hint Answer % Correct
150,245 Naperville
95%
177,563 Aurora
93%
75,070 Evanston
83%
150,489 Joliet
83%
113,310 Elgin
78%
87,642 Waukegan
78%
75,750 Schaumburg
73%
81,004 Cicero
68%
74,495 Arlington Heights
65%
64,937 Skokie
58%
58,010 Des Plaines
45%
52,055 Oak Park
43%
74,088 Bolingbrook
40%
64,869 Palatine
40%
53,886 Tinley Park
33%
52,938 Wheaton
33%
54,414 Berwyn
30%
55,734 Oak Lawn
25%
54,298 Mt. Prospect
5%
57,074 Orlando park
0%
No matching quizzes found
Score Distribution
Percent of People with Each Score
Percentile by Number Answered
Your Score History
You have not taken this quiz